La práctica de la enseñanza: primeros pasos del practicante y del docente

Guardat en:
Dades bibliogràfiques
Autor principal: Harmer, Earl W (Autor)
Format: Llibre
Idioma:espanyol
Publicat: Buenos Aires Kapelusz 1970
Col·lecció:Biblioteca de Cultura Pedagógica
Matèries:
Etiquetes: Afegir etiqueta
Sense etiquetes, Sigues el primer a etiquetar aquest registre!

MARC

LEADER 00000nam a2200000 a 4500
001 UCY0127
003 CL-VaPUC
008 940713e19700000AG |||||||||||||||||spa|d
082 0 4 |a 370.733  |b HAR  |2 21 
100 0 |a Harmer, Earl W  |e author  |9 327733 
245 1 3 |a La práctica de la enseñanza: primeros pasos del practicante y del docente 
300 |a 143 p 
942 |c BK 
945 |d 19940713 00:00:00  |a rbrito 
260 |a Buenos Aires  |b Kapelusz  |c 1970 
650 7 |a PRACTICAS DE LA ENSEÑANZA  |2 CL-VaPUC  |9 307310 
650 0 |a Formación profesional de profesores  |9 307493 
583 |a last modification  |c 19940713 00:00:00  |k Rodrigo Vera 
490 0 |a Biblioteca de Cultura Pedagógica 
999 |c 229209  |d 229207 
952 |0 0  |1 0  |4 0  |6 370_733000000000000_HAR_1970  |7 0  |8 P  |9 230053  |a BIBEDU  |b BIBEDU  |c BIBEDU_PB  |d 2019-11-15  |i 2987066  |o 370.733 HAR 1970  |p 2987066  |r 2024-01-25  |w 2019-11-15  |y BK  |k EDU 
952 |0 0  |1 0  |4 0  |6 370_733000000000000_HAR_1970  |7 0  |8 P  |9 230054  |a BIBEDU  |b BIBEDU  |c BIBEDU_PB  |d 2019-11-15  |i 1601652  |o 370.733 HAR 1970  |p 1601652  |r 2024-01-25  |w 2019-11-15  |y BK  |k EDU